| 000 | 01536cam a22002054a 4500 | ||
|---|---|---|---|
| 005 | 20250605164122.0 | ||
| 008 | 250528s ||||||||||||||||||||||||d | ||
| 035 | _a18335 | ||
| 020 | _a9604201158 | ||
| 040 |
_aGR-AtMCL _bgre _dGR-AtMCL _eAACR2 |
||
| 245 | 1 | _aΔίκαιο Ιδιωτικής Ασφάλισης / Γενικό Μέρος και Νομοθεσία της Ασφαλιστικής Επιχείρησης και Στοιχεία Ασφαλιστικών Κλάδων | |
| 250 | _a3η | ||
| 260 |
_bΠ. Ν. Σάκκουλας, _c1999 |
||
| 300 | _a578 | ||
| 520 | _aΠεριλαμβάνει τις Ριζικές Τροποποιήσεις του Π.Δ. 252/96 και του Ν. 2496/97. Εισαγωγή, Γενικές Ρυθμίσεις για την Ασφαλιστική Σχέση, Ασφαλιστικές Συναλλαγές και Πρόσωπα, Το Περιεχόμενο των Ασφαλιστικών Συμφωνιών, Ο Τύπος και η Απόδειξη των Συμφωνιών, Μεταγενέστερες Τροποποιήσεις των Ήδη Συμφωνημένων, Η Διάρκεια της Ασφαλιστικής Σχέσης, Η Νομική Θέση Εκείνων που Ασφαλίζονται, Η Νομική Θέση Εκείνου που Ασφαλίζει, Ασφαλίσεις Ζημιάς, Ασφαλίσεις Ποσού, Βιβλιογραφία. | ||
| 700 | 1 |
_aΣκουλούδης Ζαχαρίας Σ _94610 |
|
| 942 | _cBK | ||
| 999 |
_c3698 _d3698 |
||